Tratado de moral
Gespeichert in:
| 1. Verfasser: | |
|---|---|
| Format: | Buch |
| Sprache: | Spanisch |
| Erschienen: |
Santiago
Escuela Tipográfica Salesiana
1903
|
| Katalog: | MANES: Suchergebnis im Bibliothekskatalog |
| Schulbuchspezifische Eigenschaften: |
|
| Tags: |
Tag hinzufügen
Keine Tags, Fügen Sie den ersten Tag hinzu!
|
| Hinzugefügt zu: | 27.11.2023 |
| Geändert in: | 25.04.2025 |
MARC
| LEADER | 00000nam a22000007a 4500 | ||
|---|---|---|---|
| 005 | 20250425101552.0 | ||
| 008 | 231128b |||||||| |||| 00| 0 spa d | ||
| 040 | |a MGM | ||
| 100 | |9 24219 |a Escudero, Ramón. | ||
| 245 | |a Tratado de moral | ||
| 260 | |a Santiago |b Escuela Tipográfica Salesiana |c 1903 | ||
| 300 | |a 72 pp. |c 18 x 13 cm | ||
| 521 | |a Libro en mal estado de conservación | ||
| 546 | |a Chile | ||
| 561 | |5 cl-MGM |3 170 E74t 1903 c1 |a Chile. Museo Gabriela Mistral |k MANES | ||
| 690 | |a RyM | ||
| 691 | |a SE | ||
| 942 | |2 ddc |c BK | ||
| 999 | |c 100910 |d 100910 | ||
| 999 | |c manes:100910 |d 100910 | ||